Tangthupha dalhzakdan : (Record no. 9110)

MARC details
000 -LEADER
fixed length control field 00679nam a22001937a 4500
003 - CONTROL NUMBER IDENTIFIER
control field GBCCL
005 - DATE AND TIME OF LATEST TRANSACTION
control field 20241126110705.0
008 - FIXED-LENGTH DATA ELEMENTS--GENERAL INFORMATION
fixed length control field 220411b ||||| |||| 00| 0 eng d
020 ## - INTERNATIONAL STANDARD BOOK NUMBER
International Standard Book Number 9789356071780
040 ## - CATALOGING SOURCE
Transcribing agency gbc
082 ## - DEWEY DECIMAL CLASSIFICATION NUMBER
Classification number VER 266.0095417
Item number THA
100 ## - MAIN ENTRY--PERSONAL NAME
Personal name Thangkhansiam, T
9 (RLIN) 15891
240 ## -
-- The dissemination of gospel : from Jerusalem to Guite area AD 33-1930
245 ## - TITLE STATEMENT
Title Tangthupha dalhzakdan :
Remainder of title Jerusalem apan Guite kual ah tangthupha ( AD 33-1930 ) /
Statement of responsibility, etc. T Thangkhansiam ; forword by Dr. Lal Dena
260 ## - PUBLICATION, DISTRIBUTION, ETC.
Place of publication, distribution, etc. Lamka:
Name of publisher, distributor, etc. Ginsonlal Tonsing ,
Date of publication, distribution, etc. 2022
300 ## - PHYSICAL DESCRIPTION
Extent 485p. ;
650 ## - SUBJECT ADDED ENTRY--TOPICAL TERM
Topical term or geographic name entry element Missions
Form subdivision History
General subdivision Guite kual
Chronological subdivision AD 33-1930
9 (RLIN) 15892
942 ## - ADDED ENTRY ELEMENTS (KOHA)
Source of classification or shelving scheme Dewey Decimal Classification
Koha item type Books
Koha issues (borrowed), all copies 12
Holdings
Withdrawn status Lost status Source of classification or shelving scheme Damaged status Not for loan Home library Current Library Shelving location Date acquired Total checkouts Full call number Barcode Date last seen Date last checked out Copy number Price effective from Koha item type
    Dewey Decimal Classification     GRACE BIBLE COLLEGE GRACE BIBLE COLLEGE Vernacular 2022-04-11 3 VER 266.0095417 THA 015371 2026-02-25 2026-02-17 c.1 2022-04-11 Books
    Dewey Decimal Classification     GRACE BIBLE COLLEGE GRACE BIBLE COLLEGE Vernacular 2022-04-11 5 VER 266.0095417 THA 015372 2026-01-28 2026-01-20 c.2 2022-04-11 Books
    Dewey Decimal Classification     GRACE BIBLE COLLEGE GRACE BIBLE COLLEGE Vernacular 2022-04-11 5 VER 266.0095417 THA 015373 2026-02-17 2026-02-16 c.3 2022-04-11 Books
    Dewey Decimal Classification     GRACE BIBLE COLLEGE GRACE BIBLE COLLEGE Vernacular 2022-04-11 1 VER 266.0095417 THA 015374 2025-05-01 2024-04-17 c.4 2022-04-11 Books
    Dewey Decimal Classification     GRACE BIBLE COLLEGE GRACE BIBLE COLLEGE Vernacular 2022-04-11 6 VER 266.0095417 THA 015375 2026-02-16 2026-02-10 c.5 2022-04-11 Books
    Dewey Decimal Classification     GRACE BIBLE COLLEGE GRACE BIBLE COLLEGE Vernacular 2023-11-07 3 VER 266.0095417 THA 020644 2025-09-19 2025-09-10 c.6 2023-11-07 Books
© Grace Bible College Library 2025